Statistics for 20 Closest Capitals to any Russian Country Tripoint

Click here to take the quiz!

General Stats

  • This quiz has been taken 75 times
  • The average score is 17 of 20

Answer Stats

D (km)CAPITAL CITY% Correct
325Helsinki
97%
204Kiev
97%
206Riga
97%
261Tallinn
96%
254Minsk
94%
165Vilnius
94%
265Warsaw
94%
132Tbilisi
90%
269Baku
88%
578Stockholm
88%
557Pyongyang
85%
796Bratislava
82%
752Ulaanbaatar
82%
248Yerevan
82%
606Chisinau
81%
655Berlin
79%
623Seoul
79%
743Prague
76%
669Copenhagen
72%
557Moscow
53%

Score Distribution

Percentile by Number Answered

Percent of People with Each Score

Your Score History

You have not taken this quiz